Thermodynamics : An 2/e (Record no. 33301)
[ view plain ]
| 000 -LEADER | |
|---|---|
| fixed length control field | 00325nam a2200145Ia 4500 |
| 082 ## - DEWEY DECIMAL CLASSIFICATION NUMBER | |
| Classification number | 621.4021 |
| Item number | CEN/BO |
| 100 ## - MAIN ENTRY--PERSONAL NAME | |
| Personal name | Cengel Y A/ Boles M.A/ |
| 245 ## - TITLE STATEMENT | |
| Title | Thermodynamics : An 2/e |
| 260 ## - PUBLICATION, DISTRIBUTION, ETC. | |
| Name of publisher, distributor, etc. | McGraw Hill |
| Place of publication, distribution, etc. | New york |
| Date of publication, distribution, etc. | 1994 |
| 300 ## - PHYSICAL DESCRIPTION | |
| Extent | 987 |
| 546 ## - LANGUAGE NOTE | |
| Language note | ENGLISH |
| 654 ## - SUBJECT ADDED ENTRY--FACETED TOPICAL TERMS | |
| Focus term | Thermodynamics |
| 942 ## - ADDED ENTRY ELEMENTS (KOHA) | |
| Koha item type | BOOK |
| Withdrawn status | Lost status | Damaged status | Not for loan | Collection | Home library | Current library | Shelving location | Date acquired | Total Checkouts | Full call number | Barcode | Date last seen | Price effective from | Koha item type |
|---|---|---|---|---|---|---|---|---|---|---|---|---|---|---|
| CRC | Fr. Agnel's C.Rodrigues College of Engineering | Fr. Agnel's C.Rodrigues College of Engineering | 17/03/2023 | 621.4021 CEN/BO | 8508 | 17/03/2023 | 17/03/2023 | BOOK | ||||||
| CRC | Fr. Agnel's C.Rodrigues College of Engineering | Fr. Agnel's C.Rodrigues College of Engineering | 17/03/2023 | 621.4021 cen/bo | 9155 | 17/03/2023 | 17/03/2023 | BOOK |